¿Qué es la historia cultural?
Spremljeno u:
| Glavni autor: | |
|---|---|
| Format: | Knjiga |
| Jezik: | španjolski |
| Izdano: |
Barcelona, España:
Paidós,
2006.
|
| Serija: | Paidós Orígenes
|
| Teme: | |
| Oznake: |
Dodaj oznaku
Bez oznaka, Budi prvi tko označuje ovaj zapis!
|
MARC
| LEADER | 00000cam a2200000 a 4500 | ||
|---|---|---|---|
| 001 | UCH0725 | ||
| 003 | CL-VaPUC | ||
| 005 | 20240125113213.0 | ||
| 008 | 090320e20060000SP |||||||||||||||||spa|d | ||
| 999 | |c 332972 |d 332970 | ||
| 020 | |a 9788449318405 | ||
| 040 | |c Pontificia Universidad Católica de Valparaíso | ||
| 082 | 0 | 4 | |a 306 BUR 2006 |2 21 |
| 100 | 0 | |a Burke, Peter |e autor |9 535003 | |
| 245 | 1 | 0 | |a ¿Qué es la historia cultural? |
| 260 | |a Barcelona, España: |b Paidós, |c 2006. | ||
| 300 | |a 169 páginas. | ||
| 490 | 0 | |a Paidós Orígenes |n 53. | |
| 500 | |a c.3 Donación VRA-N. Vásquez L. | ||
| 583 | |a last modification |c 20181218 04:47:47 |k Rodrigo Vera | ||
| 650 | 0 | |a Antropología cultural y social |9 265143 | |
| 650 | 0 | |a Historia cultural |9 353068 | |
| 942 | |c BK |2 ddc | ||
| 945 | |d 20090320 00:00:00 |a dcastane | ||
| 952 | |0 0 |1 0 |4 0 |6 306_000000000000000_BUR_2006 |7 0 |8 R |9 421051 |a BIBHIS |b BIBHIS |d 2019-11-22 |i 4524071 |l 14 |o 306 BUR 2006 |p 4524071 |r 2025-04-09 |s 2025-04-08 |w 2019-11-22 |y BK_R |k HIS | ||
| 952 | |0 0 |1 0 |3 erb |4 0 |6 306_000000000000000_BUR_2006 |7 0 |8 A |9 421052 |a BIBCUR |b BIBCUR |i 5524296 |o 306 BUR 2006 |p 5524296 |r 2025-04-22 |w 2019-11-22 |y BK |z Catalogado en:20181220 |k PER | ||
| 952 | |0 0 |1 0 |2 ddc |4 0 |6 306_000000000000000_BUR_2006 |7 0 |8 R |9 577828 |a BIBHIS |b BIBHIS |d 2021-05-20 |i 5621461 |l 22 |o 306 BUR 2006 |p 5621461 |r 2025-04-03 |s 2025-04-02 |t 3 |w 2021-05-20 |y BK_R |k HIS | ||
| 952 | |0 0 |1 0 |2 ddc |4 0 |6 306_000000000000000_BUR_2006 |7 0 |8 A |9 586519 |a BIBHIS |b BIBHIS |c RES |d 2022-08-30 |e 3 |g 19580.00 |i 5654486 |l 13 |o 306 BUR 2006 |p 5654486 |r 2025-04-07 |s 2025-04-02 |t 4 |v 19580.00 |w 2022-08-30 |y BK_R |k HIS | ||